The power of habit : (Record no. 5879)

MARC details
000 -LEADER
fixed length control field 01666nam a22002417a 4500
001 - CONTROL NUMBER
control field 5879
003 - CONTROL NUMBER IDENTIFIER
control field FISKH
005 - DATE AND TIME OF LATEST TRANSACTION
control field 20250127142438.0
008 - FIXED-LENGTH DATA ELEMENTS--GENERAL INFORMATION
fixed length control field 250127b cb ||||| |||| 00| 0 eng d
020 ## - INTERNATIONAL STANDARD BOOK NUMBER
International Standard Book Number 9780679603856
040 ## - CATALOGING SOURCE
Original cataloging agency FISKH
Language of cataloging eng
Transcribing agency FISKH
Modifying agency FISKH
050 ## - LIBRARY OF CONGRESS CALL NUMBER
Classification number BF335.D76
082 ## - DEWEY DECIMAL CLASSIFICATION NUMBER
Classification number 158.1
100 ## - MAIN ENTRY--PERSONAL NAME
Personal name Duhigg, Charles
245 ## - TITLE STATEMENT
Title The power of habit :
Remainder of title Why we do what we do in life and business /
Statement of responsibility, etc. by Charles Duhigg With a new afterword by the author
260 ## - PUBLICATION, DISTRIBUTION, ETC.
Place of publication, distribution, etc. New York :
Name of publisher, distributor, etc. Random House ,
Date of publication, distribution, etc. 2012.
300 ## - PHYSICAL DESCRIPTION
Extent 270 unnumbered pages :
Other physical details illustrations ;
Dimensions 30 cm .
520 ## - SUMMARY, ETC.
Summary, etc. Complete summary of Charles Duhigg's book: "The Power of Habit: Why We Do What We Do in Life and Business." This summary of ideas from Charles Duhigg's book "The Power of Habit: Why We Do What We Do in Life and Business" tells you how you can change your habits for the better just by understanding how they work. There is a basic 'Habit Loop' for all habits: clue, routine and reward. According to Duhigg, there are four steps you can follow that serve as a starting point for changing your habits. This process will take time and effort, but it is possible. The four steps to changing your habits: 1. Identify your routines 2. Experiment with different rewards 3. Isolate the trigger 4. Develop a new plan Reasons to read this summary: - Save time - Understand how your habits work - Change your habits for the better To learn more, read the summary of "The Power of Habit" to start understanding your habits and gain control!
650 ## - SUBJECT ADDED ENTRY--TOPICAL TERM
Topical term or geographic name entry element personal development
Form subdivision non-fiction
700 ## - ADDED ENTRY--PERSONAL NAME
Personal name Pole, Andrew
Relator term illustrator
942 ## - ADDED ENTRY ELEMENTS (KOHA)
Source of classification or shelving scheme Dewey Decimal Classification
Koha item type Books
Suppress in OPAC No
Holdings
Withdrawn status Lost status Source of classification or shelving scheme Damaged status Not for loan Collection Home library Current library Shelving location Date acquired Total Checkouts Full call number Barcode Date last seen Copy number Price effective from Koha item type
    Dewey Decimal Classification     Non-Fiction Footprints International School Library Network Toul Tom Poung Campus Footprints International School Library Network Toul Tom Poung Campus TTP Secondary Non-Fiction Bookshelves 01/27/2025   DUH 158.1 BF335.D76 FISSE01595 01/27/2025 1 01/27/2025 Books
    Dewey Decimal Classification     Non-Fiction Footprints International School Library Network Toul Tom Poung Campus Footprints International School Library Network Toul Tom Poung Campus TTP Secondary Non-Fiction Bookshelves 04/24/2025   DUH 158.1 BF335.D76 2025-1113 04/24/2025 2 04/24/2025 Books